Responses for show #6804 - Thursday, March 27, 2014

Contestants

Emily Waltenbaugh, a library volunteer coordinator from Nashville, Tennessee

Amy Nienaber, an aspiring student from Bettendorf, Iowa

Clay Walls, a university honors program manager from Birmingham, Alabama (whose 1-day cash winnings total $7,199)

Jeopardy! Round responses

NURSERY RHYMES
COLLEGE FOOTBALL COACHES
UNITS OF MEASURE
MORGAN TOWN
FEUDS
THE 1-SYLLABLE WORD
    $200 1
"Hey Diddle Diddle"

Clay
    $200 26
Notre Dame

Amy
    $200 21
blocks

Emily
    $200 6
Normandy

Amy
    $200 8
the Hatfields & the McCoys

Emily
    $200 16
mine

Amy
    $400 2
jump over the candlestick

Emily
    $400 27
Urban Meyer

Triple Stumper
    $400 22
yarn

Emily
    $400 7
Piers Morgan

Emily
    $400 9
the Capulets & the Montagues

Amy
    $400 17
toes

Clay
    $600 3
plum

Clay
    $600 28
(Alex: And that would be [*]. They still have those stripes.)

the University of Michigan

Triple Stumper
    $600 23
nose

Clay
    $600 13
(Christa) McAuliffe

Clay
    $600 10
Adidas

Emily
    $600 18
vine

Emily
    $800 4
vinegar & brown paper

Clay
    $800 29
(Emily: What is Auburn?)
...
(Alex: The eyes of [*] are upon you.)

Texas

Emily
Triple Stumper
    $800 24
bushel

Triple Stumper
    $800 14
J.P. Morgan

Emily
    $800 11
Jimmy Hoffa

Amy
    $2,000 19
(Emily: What is a moor?)
...
(Alex: What is a [*], as in [*] of Forth.)

firth

Emily
    $1000 5
far to go

Amy
    $1000 30
(University of) Nebraska

Amy
    $1000 25
radian

Clay
    $1000 15
(Clay: Who is Captain Morgan?)

Sir Henry Morgan

Clay
Triple Stumper
    $1000 12
Tombstone

Emily
    $1000 20
shaft

Triple Stumper

Scores at the first commercial break (after clue 15):

Clay Amy Emily
$1,200 $2,400 $3,400

Scores at the end of the Jeopardy! Round:

Clay Amy Emily
$3,200 $3,800 $1,800

Double Jeopardy! Round responses

SHAKESPEARE REWRITES THE BEATLES
(Alex: You have to name the song the Bard has reworked for us.)
GOOD OL' SOUTHERN COOKIN'
MATHEMATICIANS
EUROPEAN COUNTRIES
HAPPY
GO "LUCKY"
    $400 1
(Emily: What is [*] (Yeah, Yeah, Yeah)?)

"She Loves You"

Emily
    $400 6
coffee

Amy
    $400 12
(Clay: What is Oxford?)

Cambridge

ClayAmy
    $400 7
Ireland

Amy
    $400 21
the Joy Luck Club

Amy
    $400 26
Lucky Charms

Amy
    $800 2
(Amy: What is will you still need me, will you still feed me [*]?)
(Alex: Okay, we only need the title.)
(Amy: Oh.)
(Alex: But you gave us the title included.)
(Amy: I'm sorry.)
(Alex: That's all right. Don't be sorry. You got it right.)

"When I'm Sixty-Four"

Amy
    $800 17
(Clay: What is crabgrass?)

dandelions

ClayAmy
    $800 13
Euclid

Amy
    $800 8
Denmark

Amy
    $800 22
Falstaff

Amy
    $800 27
(Emily: What is lucky in life?)

lucky at cards

Emily
Triple Stumper
    $1200 3
"Help!"

Emily
    $1200 18
pecan pies

Clay
    $1200 14
(Leonardo) Fibonacci

Clay
    $1200 9
Portugal

Amy
    $1200 23
Wanda June

Amy
    $1200 28
get lucky

Clay
    $2,000 4
"Ticket To Ride"

Emily
    $1600 19
green tomatoes

Emily
    $1600 15
(Clay: Who is Chamberlain?)

Bertrand Russell

Clay
Triple Stumper
    $1600 10
Poland

Triple Stumper
    $1600 24
(Clay: ...What is Ship of Fools?)
...
(Alex: You got it, with less than a minute to go.)

The House of Mirth

ClayEmily
    $1600 29
(Clay: Who is Lucky Siegel?)
(Emily: Who is Lucky Marciano?)
...
(Alex: [To Emily] You were closer. It's Bugsy Siegel or [*]. Now the--)
[The end-of-round signal sounds.]

Lucky Luciano

ClayEmily
Triple Stumper
    $2000 5
"You've Got To Hide Your Love Away"

Emily
    $2000 20
Brunswick stew

Emily
    $2000 16
Omar Khayyám

Triple Stumper
    $3,000 11
Albania

Amy
    $2000 25
(Amy: What is The [*]?)

Garden of Earthly Delights

Amy

Scores at the end of the Double Jeopardy! Round:

Clay Amy Emily
$800 $17,200 $10,200

[wagering suggestions for these scores]

Final Jeopardy! Round responses

ADAPTED FROM ANTIQUITY
(Alex: [To Clay] "I swear by Apollo the physician" is how it begins.)
ClayWhat is the Hippocratic oath?
$0
EmilyWhat is the oath of office?
$7,050
AmyWhat is the Hippocratic oath?
$3,800
the Hippocratic Oath

Final scores:

Clay Amy Emily
$800 $21,000 $3,150
3rd place: $1,000 New champion: $21,000 2nd place: $2,000

Game dynamics:

Coryat scores:

Clay Amy Emily
$800 $16,200 $11,800
10 R,
6 W
21 R
(including 1 DD),
0 W
16 R
(including 1 DD),
4 W
(including 1 DD)

Combined Coryat: $28,800

The J! Archive is created by fans, for fans. The Jeopardy! game show and all elements thereof, including but not limited to copyright and trademark thereto, are the property of Jeopardy Productions, Inc. and are protected under law. This website is not affiliated with, sponsored by, or operated by Jeopardy Productions, Inc. Join the discussion at JBoard.tv.